| 000 | 00737cam a22002652 4500 | ||
|---|---|---|---|
| 001 | 29124 | ||
| 003 | BD-RjUL | ||
| 005 | 20211209051357.0 | ||
| 008 | 140402s1948 nyu 000 0 eng u | ||
| 035 | _a(BD-RjUL)29209 | ||
| 040 |
_cJNA _dOCL _dEQO _aBD-RjUL _beng |
||
| 041 | _aeng | ||
| 082 |
_a137 _bSTP 1948 |
||
| 090 |
_aBF698 _b.S67 1948 |
||
| 100 | 1 |
_aStagner, Ross, _d1909-1997 _988933 |
|
| 245 | 1 | 0 | _aPsychology of personality / |
| 250 | _a2d ed. | ||
| 260 |
_aNew York : _bMcGraw-Hill Book Co., _c1948. |
||
| 300 |
_axii, 485 p. : _billus. ; _c24 cm. |
||
| 490 | 0 | _aMcGraw-Hill publications in psychology | |
| 504 | _aBibliography: p. 453-478. | ||
| 650 | 0 |
_aPersonality. _988934 |
|
| 942 |
_2ddc _cBK |
||
| 999 |
_c29124 _d29124 |
||